<?xml version="1.0" encoding="UTF-8"?>
<record
    xmlns:xsi="http://www.w3.org/2001/XMLSchema-instance"
    xsi:schemaLocation="http://www.loc.gov/MARC21/slim http://www.loc.gov/standards/marcxml/schema/MARC21slim.xsd"
    xmlns="http://www.loc.gov/MARC21/slim">

  <leader>05089namaa22004331i 4500</leader>
  <controlfield tag="003">OSt</controlfield>
  <controlfield tag="005">20260520142606.0</controlfield>
  <controlfield tag="008">250827s2025    ua a|||frm||| 000 0 eng d</controlfield>
  <datafield tag="040" ind1=" " ind2=" ">
    <subfield code="a">EG-GICUC</subfield>
    <subfield code="b">ara</subfield>
    <subfield code="c">EG-GICUC</subfield>
    <subfield code="d">EG-GICUC</subfield>
    <subfield code="e">rda</subfield>
  </datafield>
  <datafield tag="041" ind1="0" ind2=" ">
    <subfield code="a">ara</subfield>
    <subfield code="b">ara</subfield>
    <subfield code="b">eng</subfield>
  </datafield>
  <datafield tag="049" ind1=" " ind2=" ">
    <subfield code="a">&#x625;&#x64A;&#x62F;&#x627;&#x639;</subfield>
  </datafield>
  <datafield tag="082" ind1="0" ind2="4">
    <subfield code="a">&#x202A;305.235</subfield>
  </datafield>
  <datafield tag="092" ind1=" " ind2=" ">
    <subfield code="a">&#x202A;305.235</subfield>
    <subfield code="2">21</subfield>
  </datafield>
  <datafield tag="097" ind1=" " ind2=" ">
    <subfield code="a">&#x645;&#x640;&#x640;&#x640;&#x640;&#x627;&#x62C;&#x633;&#x62A;&#x64A;&#x631;</subfield>
  </datafield>
  <datafield tag="099" ind1=" " ind2=" ">
    <subfield code="a">Cai01.23.04.M.Sc.2025.&#x647;&#x627;.&#x62A;</subfield>
  </datafield>
  <datafield tag="100" ind1="0" ind2=" ">
    <subfield code="a">&#x60C;&#x647;&#x627;&#x644;&#x629; &#x627;&#x644;&#x633;&#x64A;&#x62F; &#x639;&#x62F;&#x644;&#x64A; &#x639;&#x628;&#x62F; &#x627;&#x644;&#x63A;&#x646;&#x64A; </subfield>
    <subfield code="e">&#x625;&#x639;&#x62F;&#x627;&#x62F;.</subfield>
  </datafield>
  <datafield tag="245" ind1="1" ind2="2">
    <subfield code="a">&#x627;&#x644;&#x62A;&#x631;&#x627;&#x62D;&#x645; &#x644;&#x62F;&#x649; &#x627;&#x644;&#x623;&#x645;&#x647;&#x627;&#x62A; &#x627;&#x644;&#x628;&#x62F;&#x64A;&#x644;&#x627;&#x62A;&#x60C;&#x648;&#x639;&#x644;&#x627;&#x642;&#x62A;&#x647; &#x628;&#x633;&#x644;&#x648;&#x643; &#x627;&#x644;&#x62A;&#x646;&#x645;&#x631; &#x644;&#x644;&#x645;&#x631;&#x627;&#x647;&#x642;&#x627;&#x62A; &#x641;&#x64A; &#x62F;&#x648;&#x631; &#x627;&#x644;&#x631;&#x639;&#x627;&#x64A;&#x629; &#x627;&#x644;&#x628;&#x62F;&#x64A;&#x644;&#x629; /</subfield>
    <subfield code="c">&#x625;&#x639;&#x62F;&#x627;&#x62F; &#x647;&#x627;&#x644;&#x629; &#x627;&#x644;&#x633;&#x64A;&#x62F; &#x639;&#x62F;&#x644;&#x64A; &#x639;&#x628;&#x62F; &#x627;&#x644;&#x63A;&#x646;&#x64A;&#x61B; &#x625;&#x634;&#x631;&#x627;&#x641; &#x623;. &#x62F;./ &#x645;&#x646;&#x627;&#x644; &#x639;&#x628;&#x62F; &#x627;&#x644;&#x646;&#x639;&#x64A;&#x645; &#x645;&#x62D;&#x645;&#x62F; &#x637;&#x647;&#x60C; &#x62F;.&#x639;&#x645;&#x631;&#x648; &#x631;&#x645;&#x636;&#x627;&#x646; &#x639;&#x637;&#x627;&#x64A;&#x627;.</subfield>
  </datafield>
  <datafield tag="246" ind1="1" ind2="5">
    <subfield code="a">Compassion among foster mothers and its relationship to bullying behavior in adolescent girls in foster care homes /</subfield>
  </datafield>
  <datafield tag="264" ind1=" " ind2="0">
    <subfield code="c">2025.</subfield>
  </datafield>
  <datafield tag="300" ind1=" " ind2=" ">
    <subfield code="a">151 &#x635;&#x641;&#x62D;&#x629; :</subfield>
    <subfield code="b">&#x625;&#x64A;&#x636;&#x627;&#x62D;&#x64A;&#x627;&#x62A; &#x61B; </subfield>
    <subfield code="c">25 &#x633;&#x645;. + </subfield>
    <subfield code="e">CD.</subfield>
  </datafield>
  <datafield tag="336" ind1=" " ind2=" ">
    <subfield code="a">text</subfield>
    <subfield code="2">rda content</subfield>
  </datafield>
  <datafield tag="337" ind1=" " ind2=" ">
    <subfield code="a">Unmediated</subfield>
    <subfield code="2">rdamedia</subfield>
  </datafield>
  <datafield tag="338" ind1=" " ind2=" ">
    <subfield code="a">volume</subfield>
    <subfield code="2">rdacarrier</subfield>
  </datafield>
  <datafield tag="502" ind1=" " ind2=" ">
    <subfield code="a">&#x623;&#x637;&#x631;&#x648;&#x62D;&#x629; (&#x645;&#x627;&#x62C;&#x633;&#x62A;&#x64A;&#x631;)-&#x62C;&#x627;&#x645;&#x639;&#x629; &#x627;&#x644;&#x642;&#x627;&#x647;&#x631;&#x629;&#x60C; 2025. </subfield>
  </datafield>
  <datafield tag="504" ind1=" " ind2=" ">
    <subfield code="a">&#x628;&#x628;&#x644;&#x64A;&#x648;&#x62C;&#x631;&#x627;&#x641;&#x64A;&#x627;: &#x635;&#x641;&#x62D;&#x627;&#x62A; 112-138.</subfield>
  </datafield>
  <datafield tag="520" ind1=" " ind2=" ">
    <subfield code="a">&#x647;&#x62F;&#x641;&#x62A; &#x627;&#x644;&#x62F;&#x631;&#x627;&#x633;&#x629; &#x625;&#x644;&#x649; &#x62A;&#x639;&#x631;&#x64F;&#x651;&#x641; &#x627;&#x644;&#x639;&#x644;&#x627;&#x642;&#x629; &#x628;&#x64A;&#x646; &#x633;&#x644;&#x648;&#x643; &#x627;&#x644;&#x62A;&#x646;&#x645;&#x631; &#x644;&#x644;&#x645;&#x631;&#x627;&#x647;&#x642;&#x627;&#x62A; &#x641;&#x64A; &#x62F;&#x648;&#x631; &#x627;&#x644;&#x631;&#x639;&#x627;&#x64A;&#x629; &#x627;&#x644;&#x628;&#x62F;&#x64A;&#x644;&#x629; &#x648;&#x627;&#x644;&#x631;&#x62D;&#x645;&#x629; &#x628;&#x627;&#x644;&#x630;&#x627;&#x62A; &#x644;&#x62F;&#x649; &#x627;&#x644;&#x623;&#x645;&#x647;&#x627;&#x62A; &#x627;&#x644;&#x628;&#x62F;&#x64A;&#x644;&#x627;&#x62A;&#x60C; &#x648;&#x642;&#x62F; &#x62A;&#x643;&#x648;&#x646;&#x62A; &#x639;&#x64A;&#x646;&#x629; &#x627;&#x644;&#x62F;&#x631;&#x627;&#x633;&#x629; &#x645;&#x646; (150) &#x641;&#x62A;&#x627;&#x629;&#x64B; &#x641;&#x64A; &#x62F;&#x648;&#x631; &#x627;&#x644;&#x631;&#x639;&#x627;&#x64A;&#x629; &#x62A;&#x631;&#x627;&#x648;&#x62D;&#x62A; &#x623;&#x639;&#x645;&#x627;&#x631;&#x647;&#x646; &#x628;&#x64A;&#x646; (12 &#x648; 18 &#x639;&#x627;&#x645;&#x64B;&#x627;) &#x628;&#x645;&#x62A;&#x648;&#x633;&#x637; &#x639;&#x645;&#x631;&#x64A; &#x642;&#x62F;&#x631;&#x647; (23,15) &#x648;&#x627;&#x646;&#x62D;&#x631;&#x627;&#x641; &#x645;&#x639;&#x64A;&#x627;&#x631;&#x64A; &#x642;&#x62F;&#x631;&#x647; (3,31) &#x60C; &#x643;&#x645;&#x627; &#x634;&#x645;&#x644;&#x62A; &#x627;&#x644;&#x639;&#x64A;&#x646;&#x629; &#x623;&#x64A;&#x636;&#x64B;&#x627; (130) &#x623;&#x645;&#x64B;&#x651;&#x627; &#x645;&#x646; &#x627;&#x644;&#x623;&#x645;&#x647;&#x627;&#x62A; &#x627;&#x644;&#x628;&#x62F;&#x64A;&#x644;&#x627;&#x62A; &#x641;&#x64A; &#x62F;&#x648;&#x631; &#x627;&#x644;&#x631;&#x639;&#x627;&#x64A;&#x629; &#x627;&#x644;&#x628;&#x62F;&#x64A;&#x644;&#x629; &#x62A;&#x631;&#x627;&#x648;&#x62D;&#x62A; &#x623;&#x639;&#x645;&#x627;&#x631;&#x647;&#x646; &#x628;&#x64A;&#x646; (30 &#x648; 55 &#x639;&#x627;&#x645;&#x64B;&#x627;) &#x628;&#x645;&#x62A;&#x648;&#x633;&#x637; &#x639;&#x645;&#x631;&#x64A; &#x642;&#x62F;&#x631;&#x647; (41,62 ) &#x648;&#x627;&#x646;&#x62D;&#x631;&#x627;&#x641; &#x645;&#x639;&#x64A;&#x627;&#x631;&#x64A; &#x642;&#x62F;&#x631;&#x647; (8,57 )&#x60C; &#x648;&#x62A;&#x645; &#x62A;&#x637;&#x628;&#x64A;&#x642; &#x645;&#x642;&#x64A;&#x627;&#x633; &#x627;&#x644;&#x631;&#x62D;&#x645;&#x629; &#x628;&#x627;&#x644;&#x630;&#x627;&#x62A; (Neff,2003b - &#x62A;&#x631;&#x62C;&#x645;&#x629; &#x627;&#x644;&#x628;&#x627;&#x62D;&#x62B;&#x629;)&#x60C; &#x648;&#x645;&#x642;&#x64A;&#x627;&#x633; &#x627;&#x644;&#x62A;&#x646;&#x645;&#x631; &#x644;&#x644;&#x645;&#x631;&#x627;&#x647;&#x642;&#x64A;&#x646; (&#x625;&#x639;&#x62F;&#x627;&#x62F;: &#x645;&#x62C;&#x62F;&#x64A; &#x627;&#x644;&#x62F;&#x633;&#x648;&#x642;&#x64A;&#x60C; 2016)&#x60C; &#x648;&#x62A;&#x648;&#x635;&#x644;&#x62A; &#x627;&#x644;&#x62F;&#x631;&#x627;&#x633;&#x629; &#x625;&#x644;&#x649; &#x627;&#x644;&#x646;&#x62A;&#x627;&#x626;&#x62C; &#x627;&#x644;&#x622;&#x62A;&#x64A;&#x629;: &#x62A;&#x648;&#x62C;&#x62F; &#x639;&#x644;&#x627;&#x642;&#x629; &#x627;&#x631;&#x62A;&#x628;&#x627;&#x637;&#x64A;&#x629; &#x639;&#x643;&#x633;&#x64A;&#x629; &#x630;&#x627;&#x62A; &#x62F;&#x644;&#x627;&#x644;&#x629; &#x625;&#x62D;&#x635;&#x627;&#x626;&#x64A;&#x629; &#x628;&#x64A;&#x646; &#x627;&#x644;&#x631;&#x62D;&#x645;&#x629; &#x628;&#x627;&#x644;&#x630;&#x627;&#x62A; &#x644;&#x62F;&#x649; &#x627;&#x644;&#x623;&#x645;&#x647;&#x627;&#x62A; &#x627;&#x644;&#x628;&#x62F;&#x64A;&#x644;&#x627;&#x62A; &#x648;&#x633;&#x644;&#x648;&#x643; &#x627;&#x644;&#x62A;&#x646;&#x645;&#x631; &#x644;&#x62F;&#x649; &#x627;&#x644;&#x645;&#x631;&#x627;&#x647;&#x642;&#x627;&#x62A; &#x641;&#x64A; &#x62F;&#x648;&#x631; &#x627;&#x644;&#x631;&#x639;&#x627;&#x64A;&#x629; &#x627;&#x644;&#x628;&#x62F;&#x64A;&#x644;&#x629;. &#x648;&#x62A;&#x648;&#x62C;&#x62F; &#x641;&#x631;&#x648;&#x642; &#x62F;&#x627;&#x644;&#x629; &#x625;&#x62D;&#x635;&#x627;&#x626;&#x64A;&#x64B;&#x651;&#x627; &#x628;&#x64A;&#x646; &#x645;&#x62A;&#x648;&#x633;&#x637;&#x627;&#x62A; &#x62F;&#x631;&#x62C;&#x627;&#x62A; &#x639;&#x64A;&#x646;&#x629; &#x627;&#x644;&#x62F;&#x631;&#x627;&#x633;&#x629; &#x645;&#x646; &#x627;&#x644;&#x645;&#x631;&#x627;&#x647;&#x642;&#x627;&#x62A; &#x639;&#x644;&#x649; &#x645;&#x642;&#x64A;&#x627;&#x633; &#x633;&#x644;&#x648;&#x643; &#x627;&#x644;&#x62A;&#x646;&#x645;&#x631; &#x62A;&#x628;&#x639;&#x64B;&#x627; &#x644;&#x645;&#x631;&#x62A;&#x641;&#x639;&#x627;&#x62A; &#x648;&#x645;&#x646;&#x62E;&#x641;&#x636;&#x627;&#x62A; &#x627;&#x644;&#x631;&#x62D;&#x645;&#x629; &#x628;&#x627;&#x644;&#x630;&#x627;&#x62A; &#x644;&#x644;&#x623;&#x645;&#x647;&#x627;&#x62A; &#x627;&#x644;&#x628;&#x62F;&#x64A;&#x644;&#x627;&#x62A;&#x60C; &#x643;&#x645;&#x627; &#x623;&#x634;&#x627;&#x631;&#x62A; &#x627;&#x644;&#x62F;&#x631;&#x627;&#x633;&#x629; &#x625;&#x644;&#x649; &#x625;&#x645;&#x643;&#x627;&#x646;&#x64A;&#x629; &#x627;&#x644;&#x62A;&#x646;&#x628;&#x624; &#x628;&#x633;&#x644;&#x648;&#x643; &#x627;&#x644;&#x62A;&#x646;&#x645;&#x631; &#x644;&#x62F;&#x649; &#x627;&#x644;&#x641;&#x62A;&#x64A;&#x627;&#x62A; &#x641;&#x64A; &#x62F;&#x648;&#x631; &#x627;&#x644;&#x631;&#x639;&#x627;&#x64A;&#x629; &#x627;&#x644;&#x628;&#x62F;&#x64A;&#x644;&#x629; &#x645;&#x646; &#x62E;&#x644;&#x627;&#x644; &#x627;&#x644;&#x631;&#x62D;&#x645;&#x629; &#x628;&#x627;&#x644;&#x630;&#x627;&#x62A; &#x644;&#x62F;&#x649; &#x627;&#x644;&#x623;&#x645;&#x647;&#x627;&#x62A; &#x627;&#x644;&#x628;&#x62F;&#x64A;&#x644;&#x627;&#x62A;.</subfield>
  </datafield>
  <datafield tag="520" ind1=" " ind2=" ">
    <subfield code="a">The study aimed to determine the relationship between bullying behavior in adolescent girls residing in foster care and the level of self-compassion among their foster mothers. The sample consisted of 150 girls in foster care, aged between 12 and 18 years, with a mean age of 15.23 years (SD = 3.31). The sample of foster mothers included 30 participants, aged between 30 and 55 years, with a mean age of 41.62 years (SD = 8.57). The Self-Compassion Scale (Neff, 2003b), translated by the researcher, and the Bullying Scale for Adolescents (prepared by Magdy El-Dessouki, 2016) were applied. The study found a statistically significant negative correlation between the level of self-compassion among foster mothers and bullying behavior among adolescent girls in foster care. Significant differences were also found between the mean scores of the adolescent sample on the bullying behavior scale depending on whether the foster mothers had high or low levels of self-compassion. Additionally, the study indicated that it is possible to predict bullying behavior through the level of self-compassion among foster mothers.</subfield>
  </datafield>
  <datafield tag="530" ind1=" " ind2=" ">
    <subfield code="a">&#x635;&#x62F;&#x631; &#x623;&#x64A;&#x636;&#x64B;&#x627; &#x643;&#x642;&#x631;&#x635; &#x645;&#x62F;&#x645;&#x62C;.</subfield>
  </datafield>
  <datafield tag="546" ind1=" " ind2=" ">
    <subfield code="a">&#x627;&#x644;&#x646;&#x635; &#x628;&#x627;&#x644;&#x639;&#x631;&#x628;&#x64A;&#x629; &#x648;&#x627;&#x644;&#x645;&#x644;&#x62E;&#x635; &#x628;&#x627;&#x644;&#x644;&#x63A;&#x629; &#x627;&#x644;&#x625;&#x646;&#x62C;&#x644;&#x64A;&#x632;&#x64A;&#x629; &#x648;&#x627;&#x644;&#x639;&#x631;&#x628;&#x64A;&#x629;.</subfield>
  </datafield>
  <datafield tag="650" ind1=" " ind2="7">
    <subfield code="a">&#x627;&#x644;&#x641;&#x62A;&#x64A;&#x627;&#x62A;</subfield>
    <subfield code="2">qrmak</subfield>
    <subfield code="x">&#x631;&#x639;&#x627;&#x64A;&#x629;</subfield>
  </datafield>
  <datafield tag="650" ind1=" " ind2="7">
    <subfield code="a">&#x627;&#x644;&#x645;&#x631;&#x627;&#x647;&#x642;&#x627;&#x62A;</subfield>
    <subfield code="x">&#x631;&#x639;&#x627;&#x64A;&#x629;</subfield>
  </datafield>
  <datafield tag="653" ind1=" " ind2="0">
    <subfield code="a">&#x627;&#x644;&#x631;&#x62D;&#x645;&#x629; &#x628;&#x627;&#x644;&#x630;&#x627;&#x62A;        </subfield>
    <subfield code="a">&#x627;&#x644;&#x62A;&#x646;&#x645;&#x631;          </subfield>
    <subfield code="a">&#x627;&#x644;&#x645;&#x631;&#x627;&#x647;&#x642;&#x629;</subfield>
  </datafield>
  <datafield tag="700" ind1="0" ind2=" ">
    <subfield code="a">&#x645;&#x646;&#x627;&#x644; &#x639;&#x628;&#x62F; &#x627;&#x644;&#x646;&#x639;&#x64A;&#x645; &#x645;&#x62D;&#x645;&#x62F;</subfield>
    <subfield code="e">&#x645;&#x634;&#x631;&#x641; &#x623;&#x637;&#x631;&#x648;&#x62D;&#x629;.</subfield>
  </datafield>
  <datafield tag="700" ind1="0" ind2=" ">
    <subfield code="a">&#x639;&#x645;&#x631;&#x648; &#x631;&#x645;&#x636;&#x627;&#x646; &#x639;&#x637;&#x627;&#x64A;&#x627;</subfield>
    <subfield code="e">&#x645;&#x634;&#x631;&#x641; &#x623;&#x637;&#x631;&#x648;&#x62D;&#x629;.</subfield>
  </datafield>
  <datafield tag="900" ind1=" " ind2=" ">
    <subfield code="b">01-01-2025</subfield>
    <subfield code="c">&#x645;&#x646;&#x627;&#x644; &#x639;&#x628;&#x62F; &#x627;&#x644;&#x646;&#x639;&#x64A;&#x645; &#x645;&#x62D;&#x645;&#x62F;</subfield>
    <subfield code="c">&#x639;&#x645;&#x631;&#x648; &#x631;&#x645;&#x636;&#x627;&#x646; &#x639;&#x637;&#x627;&#x64A;&#x627;</subfield>
    <subfield code="d">&#x645;&#x62D;&#x645;&#x62F; &#x627;&#x644;&#x633;&#x64A;&#x62F; &#x628;&#x62E;&#x64A;&#x62A; </subfield>
    <subfield code="d">&#x625;&#x628;&#x631;&#x627;&#x647;&#x64A;&#x645; &#x645;&#x62D;&#x645;&#x62F; &#x633;&#x639;&#x62F;</subfield>
    <subfield code="U">&#x62C;&#x627;&#x645;&#x639;&#x629; &#x627;&#x644;&#x642;&#x627;&#x647;&#x631;&#x629; </subfield>
    <subfield code="F">&#x643;&#x644;&#x64A;&#x629; &#x627;&#x644;&#x62F;&#x631;&#x627;&#x633;&#x627;&#x62A; &#x627;&#x644;&#x639;&#x644;&#x64A;&#x627; &#x644;&#x644;&#x62A;&#x631;&#x628;&#x64A;&#x629;</subfield>
    <subfield code="D">&#x642;&#x633;&#x645; &#x639;&#x644;&#x645; &#x627;&#x644;&#x646;&#x641;&#x633; &#x627;&#x644;&#x627;&#x631;&#x634;&#x627;&#x62F;&#x64A; </subfield>
  </datafield>
  <datafield tag="905" ind1=" " ind2=" ">
    <subfield code="a">Sara</subfield>
    <subfield code="e">Afaf</subfield>
  </datafield>
  <datafield tag="942" ind1=" " ind2=" ">
    <subfield code="2">ddc</subfield>
    <subfield code="c">TH</subfield>
    <subfield code="e">21</subfield>
    <subfield code="n">0</subfield>
  </datafield>
  <datafield tag="999" ind1=" " ind2=" ">
    <subfield code="c">180045</subfield>
  </datafield>
  <datafield tag="952" ind1=" " ind2=" ">
    <subfield code="2">ddc</subfield>
    <subfield code="9">317903</subfield>
    <subfield code="a">CUCL</subfield>
    <subfield code="b">cl210</subfield>
    <subfield code="d">2026-05-10</subfield>
    <subfield code="i">33185</subfield>
    <subfield code="o">Cai01.23.04.M.Sc.2025.&#x647;&#x627;.&#x62A;</subfield>
    <subfield code="p">01010100033185000</subfield>
    <subfield code="r">2026-05-10 09:05:28</subfield>
    <subfield code="w">2026-05-10</subfield>
    <subfield code="y">TH</subfield>
  </datafield>
</record>
